000 00836nam a2200301Ia 4500
001 63885
003 IT-RoPAU
008 130308s9999 xx 000 0 und d
040 _aIT-RoPAU
040 _cIT-RoPAU
041 _aITALIANO
100 _aBianchi Pietro
100 _gCodice Aut. SPICS: 9187
245 _aHenri-Georges Clouzot
245 _bHenri-Georges Clouzot
250 _a1a ed.
260 _aPARMA
260 _bGuanda
260 _c1951 [1° Ed.:1951 - Ed.Ling.Originale:1951]
300 _a"96 p. (prefazione: no ; testo: 96 [pagine: 0-0])"
500 _aFascicolo con Note biografiche Bibliografia e Filmologia di Clouzot a cura di Giuseppe Calzolari
650 _aAUTORI/OPERE DEL CINEMA
650 _eCodice materia Spics: 6807
942 _cBK
957 _71
999 _c71538
_d71538
999 _bSI
999 _g1